[Event "April 9 Late 2024"]
[Site "Chess.com"]
[Date "2024.04.09"]
[Round "1"]
[White "Smirnov, Timofey"]
[Black "Aalto, Patrik"]
[Result "0-1"]
[Board "193"]
[WhiteFideId "24176427"]
[BlackFideId "510726"]
[WhiteTitle "FM"]
[WhiteElo "1948"]
[BlackElo "2549"]
[WhiteTeam "RUS"]
[BlackTeam "FIN"]
[WhiteClock "0:00:33"]
[BlackClock "0:01:34"]
[Variant "Standard"]

1. e4 {[%clk 0:02:58]}  c5 {[%clk 0:03:00]} 2. c3 {[%clk 0:02:57]}  Nf6 {[%clk 0:02:59]} 3. e5 {[%clk 0:02:56]}  Nd5 {[%clk 0:02:59]} 4. Nf3 {[%clk 0:02:55]}  Nc6 {[%clk 0:02:58]} 5. Bc4 {[%clk 0:02:55]}  Nb6 {[%clk 0:02:55]} 6. Bb3 {[%clk 0:02:54]}  d5 {[%clk 0:02:53]} 7. exd6 {[%clk 0:02:53]}  c4 {[%clk 0:02:53]} 8. Bc2 {[%clk 0:02:40]}  Qxd6 {[%clk 0:02:54]} 9. O-O {[%clk 0:02:38]}  g6 {[%clk 0:02:54]} 10. d4 {[%clk 0:02:37]}  cxd3 {[%clk 0:02:53]} 11. Qxd3 {[%clk 0:02:35]}  Qxd3 {[%clk 0:02:53]} 12. Bxd3 {[%clk 0:02:36]}  Bg7 {[%clk 0:02:53]} 13. Re1 {[%clk 0:02:34]}  O-O {[%clk 0:02:53]} 14. Bg5 {[%clk 0:02:31]}  e5 {[%clk 0:02:52]} 15. Nbd2 {[%clk 0:02:25]}  h6 {[%clk 0:02:47]} 16. Be3 {[%clk 0:02:25]}  Nd5 {[%clk 0:02:32]} 17. Bc5 {[%clk 0:02:22]}  Rd8 {[%clk 0:02:33]} 18. Be4 {[%clk 0:02:14]}  Be6 {[%clk 0:02:16]} 19. c4 {[%clk 0:02:12]}  Nf4 {[%clk 0:02:11]} 20. Bxc6 {[%clk 0:02:03]}  bxc6 {[%clk 0:02:12]} 21. b3 {[%clk 0:01:59]}  Nd3 {[%clk 0:02:10]} 22. Ba3 {[%clk 0:01:18]}  Nxe1 {[%clk 0:02:08]} 23. Rxe1 {[%clk 0:01:19]}  Bf5 {[%clk 0:01:38]} 24. Ne4 {[%clk 0:01:14]}  Bxe4 {[%clk 0:01:35]} 25. Rxe4 {[%clk 0:01:14]}  Rd1+ {[%clk 0:01:36]} 26. Re1 {[%clk 0:01:15]}  Rad8 {[%clk 0:01:35]} 27. Kf1 {[%clk 0:01:11]}  e4 {[%clk 0:01:34]} 28. Rxd1 {[%clk 0:00:46]}  Rxd1+ {[%clk 0:01:35]} 29. Ke2 {[%clk 0:00:47]}  exf3+ {[%clk 0:01:35]} 30. Kxd1 {[%clk 0:00:33]}  fxg2 {[%clk 0:01:34]} 0-1

[Event "April 9 Late 2024"]
[Site "Chess.com"]
[Date "2024.04.09"]
[Round "2"]
[White "Tulchynskyi, Feliks"]
[Black "Zhigalko, Sergei"]
[Result "0-1"]
[Board "39"]
[WhiteFideId "34127895"]
[BlackFideId "13502956"]
[WhiteTitle "FM"]
[BlackTitle "GM"]
[WhiteElo "2604"]
[BlackElo "2891"]
[WhiteTeam "UKR"]
[BlackTeam "BLR"]
[WhiteClock "0:00:17"]
[BlackClock "0:00:04"]
[Variant "Standard"]

1. d4 {[%clk 0:02:58]}  Nf6 {[%clk 0:02:59]} 2. c4 {[%clk 0:02:58]}  e6 {[%clk 0:03:00]} 3. Nc3 {[%clk 0:02:58]}  Bb4 {[%clk 0:03:00]} 4. e3 {[%clk 0:02:58]}  O-O {[%clk 0:02:59]} 5. Bd3 {[%clk 0:02:58]}  d5 {[%clk 0:02:59]} 6. Nf3 {[%clk 0:02:58]}  b6 {[%clk 0:02:59]} 7. cxd5 {[%clk 0:02:55]}  exd5 {[%clk 0:02:59]} 8. O-O {[%clk 0:02:56]}  Bb7 {[%clk 0:02:59]} 9. Ne5 {[%clk 0:02:55]}  Bd6 {[%clk 0:02:50]} 10. Nb5 {[%clk 0:02:54]}  Be7 {[%clk 0:02:50]} 11. b3 {[%clk 0:02:54]}  c5 {[%clk 0:02:46]} 12. Bb2 {[%clk 0:02:53]}  Nc6 {[%clk 0:02:45]} 13. Rc1 {[%clk 0:02:46]}  a6 {[%clk 0:02:34]} 14. Nc3 {[%clk 0:02:43]}  cxd4 {[%clk 0:02:29]} 15. Nxc6 {[%clk 0:02:43]}  Bxc6 {[%clk 0:02:28]} 16. Ne2 {[%clk 0:02:40]}  Bd7 {[%clk 0:02:22]} 17. Nxd4 {[%clk 0:02:39]}  Bc5 {[%clk 0:02:22]} 18. Qf3 {[%clk 0:02:27]}  Re8 {[%clk 0:02:21]} 19. h3 {[%clk 0:02:23]}  Ne4 {[%clk 0:02:21]} 20. Rfd1 {[%clk 0:02:19]}  Qg5 {[%clk 0:02:20]} 21. a3 {[%clk 0:01:58]}  a5 {[%clk 0:02:16]} 22. Rc2 {[%clk 0:01:50]}  Rad8 {[%clk 0:02:12]} 23. Bb5 {[%clk 0:01:44]}  Bxb5 {[%clk 0:01:56]} 24. Nxb5 {[%clk 0:01:45]}  Qg6 {[%clk 0:01:56]} 25. Rdc1 {[%clk 0:01:31]}  h5 {[%clk 0:01:17]} 26. Nd4 {[%clk 0:01:29]}  Rd6 {[%clk 0:00:53]} 27. Nf5 {[%clk 0:01:13]}  Ng5 {[%clk 0:00:53]} 28. Qg3 {[%clk 0:01:07]}  Qxf5 {[%clk 0:00:50]} 29. Rxc5 {[%clk 0:00:57]}  Rg6 {[%clk 0:00:50]} 30. Rc6 {[%clk 0:00:36]}  Ree6 {[%clk 0:00:28]} 31. Rxe6 {[%clk 0:00:22]}  fxe6 {[%clk 0:00:28]} 32. Kh2 {[%clk 0:00:18]}  Ne4 {[%clk 0:00:09]} 33. Rc8+ {[%clk 0:00:18]}  Kh7 {[%clk 0:00:09]} 34. Qb8 {[%clk 0:00:18]}  Rxg2+ {[%clk 0:00:03]} 35. Kxg2 {[%clk 0:00:18]}  Qxf2+ {[%clk 0:00:03]} 36. Kh1 {[%clk 0:00:19]}  Ng3+ {[%clk 0:00:04]} 37. Qxg3 {[%clk 0:00:19]}  Qxg3 {[%clk 0:00:04]} 38. Bd4 {[%clk 0:00:19]}  Qxh3+ {[%clk 0:00:05]} 39. Kg1 {[%clk 0:00:19]}  e5 {[%clk 0:00:05]} 40. Bxb6 {[%clk 0:00:17]}  Qxc8 {[%clk 0:00:04]} 0-1

[Event "April 9 Late 2024"]
[Site "Chess.com"]
[Date "2024.04.09"]
[Round "2"]
[White "Kovalev, Vladislav"]
[Black "Palencia Morales, Wilson Guillermo"]
[Result "0-1"]
[Board "43"]
[WhiteFideId "13504398"]
[BlackFideId "4401859"]
[WhiteTitle "GM"]
[BlackTitle "IM"]
[WhiteElo "2880"]
[BlackElo "2599"]
[WhiteTeam "FID"]
[BlackTeam "COL"]
[WhiteClock "0:00:00"]
[BlackClock "0:00:38"]
[Variant "Standard"]

1. e4 {[%clk 0:03:00]}  c5 {[%clk 0:02:59]} 2. Nf3 {[%clk 0:03:01]}  d6 {[%clk 0:02:59]} 3. Bb5+ {[%clk 0:03:01]}  Nd7 {[%clk 0:02:59]} 4. O-O {[%clk 0:03:01]}  Nf6 {[%clk 0:02:59]} 5. Re1 {[%clk 0:03:01]}  a6 {[%clk 0:02:59]} 6. Bf1 {[%clk 0:03:02]}  b6 {[%clk 0:02:58]} 7. c4 {[%clk 0:02:52]}  Bb7 {[%clk 0:02:58]} 8. Nc3 {[%clk 0:02:53]}  e6 {[%clk 0:02:57]} 9. d4 {[%clk 0:02:53]}  cxd4 {[%clk 0:02:58]} 10. Nxd4 {[%clk 0:02:54]}  Rc8 {[%clk 0:02:59]} 11. f3 {[%clk 0:02:51]}  Be7 {[%clk 0:02:59]} 12. Be3 {[%clk 0:02:47]}  Qc7 {[%clk 0:02:58]} 13. Rc1 {[%clk 0:02:46]}  O-O {[%clk 0:02:58]} 14. b3 {[%clk 0:02:44]}  Qb8 {[%clk 0:02:58]} 15. Qd2 {[%clk 0:02:45]}  Rfe8 {[%clk 0:02:58]} 16. Qf2 {[%clk 0:02:45]}  Bd8 {[%clk 0:02:58]} 17. Red1 {[%clk 0:02:45]}  Bc7 {[%clk 0:02:58]} 18. g3 {[%clk 0:02:43]}  h5 {[%clk 0:02:54]} 19. Bg2 {[%clk 0:02:36]}  h4 {[%clk 0:02:48]} 20. Nde2 {[%clk 0:02:33]}  hxg3 {[%clk 0:02:41]} 21. hxg3 {[%clk 0:02:34]}  Ba8 {[%clk 0:02:38]} 22. g4 {[%clk 0:02:30]}  Ne5 {[%clk 0:02:34]} 23. g5 {[%clk 0:02:29]}  Nfd7 {[%clk 0:02:24]} 24. Bd4 {[%clk 0:02:23]}  b5 {[%clk 0:02:14]} 25. cxb5 {[%clk 0:02:14]}  axb5 {[%clk 0:02:11]} 26. f4 {[%clk 0:02:10]}  Nc6 {[%clk 0:02:06]} 27. Be3 {[%clk 0:02:11]}  Ne7 {[%clk 0:01:52]} 28. Nd4 {[%clk 0:01:31]}  b4 {[%clk 0:01:46]} 29. Nce2 {[%clk 0:01:30]}  e5 {[%clk 0:01:41]} 30. Nf5 {[%clk 0:01:26]}  Nxf5 {[%clk 0:01:39]} 31. exf5 {[%clk 0:01:27]}  Bxg2 {[%clk 0:01:38]} 32. Kxg2 {[%clk 0:01:26]}  exf4 {[%clk 0:01:36]} 33. Nxf4 {[%clk 0:01:25]}  Ne5 {[%clk 0:01:33]} 34. Kh3 {[%clk 0:01:01]}  Bd8 {[%clk 0:01:14]} 35. Nd5 {[%clk 0:00:53]}  Rxc1 {[%clk 0:01:12]} 36. Rxc1 {[%clk 0:00:54]}  Nd3 {[%clk 0:01:12]} 37. Qf3 {[%clk 0:00:37]}  Nxc1 {[%clk 0:01:09]} 38. Bxc1 {[%clk 0:00:38]}  Qc8 {[%clk 0:01:03]} 39. Bd2 {[%clk 0:00:17]}  Re5 {[%clk 0:01:01]} 40. Kg4 {[%clk 0:00:08]}  g6 {[%clk 0:00:57]} 41. Ne3 {[%clk 0:00:06]}  gxf5+ {[%clk 0:00:43]} 42. Nxf5 {[%clk 0:00:07]}  Qe6 {[%clk 0:00:43]} 43. Bxb4 {[%clk 0:00:06]}  Re4+ {[%clk 0:00:43]} 44. Kg3 {[%clk 0:00:06]}  Rxb4 {[%clk 0:00:43]} 45. Nh6+ {[%clk 0:00:06]}  Kf8 {[%clk 0:00:41]} 46. Qc3 {[%clk 0:00:04]}  Qe5+ {[%clk 0:00:40]} 47. Qxe5 {[%clk 0:00:04]}  dxe5 {[%clk 0:00:41]} 48. Ng4 {[%clk 0:00:03]}  Bxg5 {[%clk 0:00:39]} 49. Nf2 {[%clk 0:00:00]}  Bh4+ {[%clk 0:00:38]} 0-1

[Event "April 9 Late 2024"]
[Site "Chess.com"]
[Date "2024.04.09"]
[Round "2"]
[White "Ambartsumova, Karina"]
[Black "Troff, Kayden"]
[Result "0-1"]
[Board "44"]
[WhiteFideId "4166299"]
[BlackFideId "2047896"]
[WhiteTitle "IM"]
[BlackTitle "GM"]
[WhiteElo "2598"]
[BlackElo "2872"]
[WhiteTeam "RUS"]
[BlackTeam "USA"]
[WhiteClock "0:00:04"]
[BlackClock "0:00:34"]
[Variant "Standard"]

1. d4 {[%clk 0:03:00]}  Nf6 {[%clk 0:02:59]} 2. c4 {[%clk 0:03:01]}  g6 {[%clk 0:02:59]} 3. Nc3 {[%clk 0:02:59]}  d5 {[%clk 0:03:00]} 4. h4 {[%clk 0:02:59]}  h6 {[%clk 0:02:54]} 5. h5 {[%clk 0:02:50]}  g5 {[%clk 0:02:54]} 6. cxd5 {[%clk 0:02:46]}  Nxd5 {[%clk 0:02:54]} 7. e4 {[%clk 0:02:47]}  Nxc3 {[%clk 0:02:54]} 8. bxc3 {[%clk 0:02:48]}  c5 {[%clk 0:02:54]} 9. Bc4 {[%clk 0:02:44]}  Bg7 {[%clk 0:02:51]} 10. Ne2 {[%clk 0:02:37]}  Nc6 {[%clk 0:02:43]} 11. Be3 {[%clk 0:02:37]}  O-O {[%clk 0:02:38]} 12. f3 {[%clk 0:02:29]}  cxd4 {[%clk 0:02:32]} 13. cxd4 {[%clk 0:02:29]}  Qa5+ {[%clk 0:02:32]} 14. Kf2 {[%clk 0:02:24]}  Bd7 {[%clk 0:02:12]} 15. Rb1 {[%clk 0:02:13]}  b6 {[%clk 0:02:06]} 16. Qd3 {[%clk 0:01:47]}  Rac8 {[%clk 0:01:57]} 17. Bd2 {[%clk 0:01:45]}  Qa4 {[%clk 0:01:44]} 18. Bb5 {[%clk 0:01:33]}  Qxa2 {[%clk 0:01:12]} 19. Bc4 {[%clk 0:01:14]}  Ne5 {[%clk 0:00:58]} 20. Bxa2 {[%clk 0:00:56]}  Nxd3+ {[%clk 0:00:58]} 21. Ke3 {[%clk 0:00:52]}  Nf4 {[%clk 0:00:58]} 22. Nxf4 {[%clk 0:00:50]}  gxf4+ {[%clk 0:00:59]} 23. Kd3 {[%clk 0:00:51]}  Rfd8 {[%clk 0:00:55]} 24. Bxf4 {[%clk 0:00:16]}  Ba4 {[%clk 0:00:54]} 25. Rb4 {[%clk 0:00:14]}  b5 {[%clk 0:00:48]} 26. d5 {[%clk 0:00:10]}  a5 {[%clk 0:00:46]} 27. Rd4 {[%clk 0:00:10]}  Bc2+ {[%clk 0:00:45]} 28. Ke3 {[%clk 0:00:11]}  Rc3+ {[%clk 0:00:44]} 29. Kd2 {[%clk 0:00:09]}  Bxd4 {[%clk 0:00:44]} 30. Bxh6 {[%clk 0:00:09]}  Bb3 {[%clk 0:00:43]} 31. Bb1 {[%clk 0:00:07]}  Rdc8 {[%clk 0:00:36]} 32. Bg5 {[%clk 0:00:07]}  Bf6 {[%clk 0:00:35]} 33. Bf4 {[%clk 0:00:06]}  Bc2 {[%clk 0:00:34]} 34. Ba2 {[%clk 0:00:04]}  Bxe4 {[%clk 0:00:34]} 35. fxe4 {[%clk 0:00:04]}  Rc2+ {[%clk 0:00:34]} 36. Ke3 {[%clk 0:00:04]}  R8c3# {[%clk 0:00:34]} 0-1

[Event "April 9 Late 2024"]
[Site "Chess.com"]
[Date "2024.04.09"]
[Round "2"]
[White "Holt, Conrad"]
[Black "Silva, Miguel Antonio Neto"]
[Result "1-0"]
[Board "45"]
[WhiteFideId "2034387"]
[BlackFideId "1911929"]
[WhiteTitle "GM"]
[WhiteElo "2871"]
[BlackElo "2597"]
[WhiteTeam "USA"]
[BlackTeam "POR"]
[WhiteClock "0:01:30"]
[BlackClock "0:00:26"]
[Variant "Standard"]

1. d4 {[%clk 0:03:00]}  Nf6 {[%clk 0:02:58]} 2. c4 {[%clk 0:03:01]}  e6 {[%clk 0:02:58]} 3. Nc3 {[%clk 0:03:01]}  Bb4 {[%clk 0:02:58]} 4. Qc2 {[%clk 0:03:02]}  d6 {[%clk 0:02:56]} 5. e3 {[%clk 0:03:00]}  Nbd7 {[%clk 0:02:55]} 6. Bd3 {[%clk 0:03:00]}  b6 {[%clk 0:02:53]} 7. Ne2 {[%clk 0:02:59]}  Bb7 {[%clk 0:02:53]} 8. a3 {[%clk 0:02:58]}  Bxc3+ {[%clk 0:02:52]} 9. Nxc3 {[%clk 0:02:58]}  e5 {[%clk 0:02:51]} 10. O-O {[%clk 0:02:58]}  O-O {[%clk 0:02:50]} 11. b3 {[%clk 0:02:41]}  Re8 {[%clk 0:02:49]} 12. Bb2 {[%clk 0:02:41]}  Nf8 {[%clk 0:02:45]} 13. d5 {[%clk 0:02:39]}  N6d7 {[%clk 0:02:30]} 14. b4 {[%clk 0:02:36]}  g6 {[%clk 0:02:10]} 15. f4 {[%clk 0:02:35]}  f5 {[%clk 0:02:09]} 16. e4 {[%clk 0:02:35]}  fxe4 {[%clk 0:02:04]} 17. Nxe4 {[%clk 0:02:35]}  exf4 {[%clk 0:01:56]} 18. Rxf4 {[%clk 0:02:32]}  Ne5 {[%clk 0:01:54]} 19. Nf6+ {[%clk 0:02:32]}  Kg7 {[%clk 0:01:50]} 20. Nxe8+ {[%clk 0:02:31]}  Qxe8 {[%clk 0:01:50]} 21. Raf1 {[%clk 0:02:29]}  Nd7 {[%clk 0:01:49]} 22. Qc3 {[%clk 0:02:24]}  Qe7 {[%clk 0:01:43]} 23. Rf7+ {[%clk 0:02:22]}  Qxf7 {[%clk 0:01:43]} 24. Rxf7+ {[%clk 0:02:23]}  Kxf7 {[%clk 0:01:44]} 25. Bf1 {[%clk 0:02:22]}  Re8 {[%clk 0:01:37]} 26. Qh3 {[%clk 0:02:22]}  Kg8 {[%clk 0:01:34]} 27. Qh6 {[%clk 0:02:14]}  Re7 {[%clk 0:01:25]} 28. h4 {[%clk 0:02:13]}  Nf8 {[%clk 0:01:21]} 29. Qg5 {[%clk 0:02:10]}  Kf7 {[%clk 0:01:13]} 30. h5 {[%clk 0:02:10]}  Bc8 {[%clk 0:01:11]} 31. h6 {[%clk 0:02:08]}  Bf5 {[%clk 0:01:09]} 32. c5 {[%clk 0:02:06]}  bxc5 {[%clk 0:01:08]} 33. bxc5 {[%clk 0:02:06]}  Nfd7 {[%clk 0:01:07]} 34. cxd6 {[%clk 0:02:04]}  cxd6 {[%clk 0:01:06]} 35. Bb5 {[%clk 0:02:01]}  Nc5 {[%clk 0:01:06]} 36. Bc6 {[%clk 0:01:52]}  Ncd3 {[%clk 0:01:00]} 37. Bc3 {[%clk 0:01:47]}  Nc5 {[%clk 0:00:59]} 38. Qh4 {[%clk 0:01:41]}  Ne4 {[%clk 0:00:56]} 39. Bxe5 {[%clk 0:01:35]}  Rxe5 {[%clk 0:00:45]} 40. Qd8 {[%clk 0:01:34]}  Re7 {[%clk 0:00:42]} 41. Qh8 {[%clk 0:01:31]}  Bd7 {[%clk 0:00:27]} 42. Qg7+ {[%clk 0:01:29]}  Ke8 {[%clk 0:00:26]} 43. Qg8# {[%clk 0:01:30]} 1-0

[Event "April 9 Late 2024"]
[Site "Chess.com"]
[Date "2024.04.09"]
[Round "2"]
[White "Filipets, Egor"]
[Black "Zierk, Steven"]
[Result "0-1"]
[Board "46"]
[WhiteFideId "13503928"]
[BlackFideId "2034255"]
[WhiteTitle "FM"]
[BlackTitle "GM"]
[WhiteElo "2593"]
[BlackElo "2866"]
[WhiteTeam "BLR"]
[BlackTeam "USA"]
[WhiteClock "0:00:09"]
[BlackClock "0:00:32"]
[Variant "Standard"]

1. c4 {[%clk 0:02:52]}  e6 {[%clk 0:02:56]} 2. g3 {[%clk 0:02:52]}  d5 {[%clk 0:02:56]} 3. Bg2 {[%clk 0:02:53]}  Nf6 {[%clk 0:02:56]} 4. Nf3 {[%clk 0:02:53]}  Be7 {[%clk 0:02:57]} 5. O-O {[%clk 0:02:54]}  O-O {[%clk 0:02:57]} 6. cxd5 {[%clk 0:02:55]}  exd5 {[%clk 0:02:57]} 7. d4 {[%clk 0:02:56]}  Bf5 {[%clk 0:02:56]} 8. Nc3 {[%clk 0:02:56]}  c6 {[%clk 0:02:56]} 9. Bf4 {[%clk 0:02:56]}  Nbd7 {[%clk 0:02:56]} 10. Ne5 {[%clk 0:02:57]}  a5 {[%clk 0:02:53]} 11. f3 {[%clk 0:02:57]}  c5 {[%clk 0:02:50]} 12. Nb5 {[%clk 0:02:41]}  a4 {[%clk 0:02:33]} 13. Kh1 {[%clk 0:02:30]}  Qb6 {[%clk 0:02:25]} 14. Nxd7 {[%clk 0:02:30]}  Bxd7 {[%clk 0:02:25]} 15. Nc7 {[%clk 0:02:25]}  Rac8 {[%clk 0:02:07]} 16. dxc5 {[%clk 0:02:23]}  Qc6 {[%clk 0:02:07]} 17. e4 {[%clk 0:02:06]}  Rxc7 {[%clk 0:02:02]} 18. Bxc7 {[%clk 0:01:57]}  Qxc7 {[%clk 0:02:03]} 19. exd5 {[%clk 0:01:57]}  Bxc5 {[%clk 0:02:02]} 20. Rc1 {[%clk 0:01:48]}  Qd6 {[%clk 0:02:00]} 21. Qd3 {[%clk 0:01:34]}  h5 {[%clk 0:01:53]} 22. Rfe1 {[%clk 0:00:43]}  h4 {[%clk 0:01:19]} 23. gxh4 {[%clk 0:00:44]}  Bf2 {[%clk 0:01:18]} 24. Re2 {[%clk 0:00:37]}  Bxh4 {[%clk 0:01:18]} 25. Qd4 {[%clk 0:00:34]}  Bg5 {[%clk 0:01:16]} 26. Rg1 {[%clk 0:00:35]}  Nh5 {[%clk 0:01:02]} 27. Qe5 {[%clk 0:00:26]}  Qh6 {[%clk 0:01:00]} 28. Bh3 {[%clk 0:00:24]}  Bf4 {[%clk 0:00:54]} 29. Bxd7 {[%clk 0:00:23]}  Bxe5 {[%clk 0:00:53]} 30. Rxe5 {[%clk 0:00:23]}  Rd8 {[%clk 0:00:43]} 31. Bxa4 {[%clk 0:00:18]}  Nf4 {[%clk 0:00:43]} 32. d6 {[%clk 0:00:17]}  Qxd6 {[%clk 0:00:35]} 33. Re4 {[%clk 0:00:15]}  Nh3 {[%clk 0:00:35]} 34. Rf1 {[%clk 0:00:09]}  Qd2 {[%clk 0:00:32]} 0-1

[Event "April 9 Late 2024"]
[Site "Chess.com"]
[Date "2024.04.09"]
[Round "2"]
[White "Cieslak, Patryk"]
[Black "Skotheim, Andreas"]
[Result "1-0"]
[Board "47"]
[WhiteFideId "21078882"]
[BlackFideId "1518526"]
[WhiteTitle "FM"]
[BlackTitle "CM"]
[WhiteElo "2866"]
[BlackElo "2590"]
[WhiteTeam "POL"]
[BlackTeam "NOR"]
[WhiteClock "0:00:09"]
[BlackClock "0:00:31"]
[Variant "Standard"]

1. e4 {[%clk 0:03:00]}  c5 {[%clk 0:02:58]} 2. c3 {[%clk 0:02:58]}  Nf6 {[%clk 0:02:57]} 3. e5 {[%clk 0:02:59]}  Nd5 {[%clk 0:02:58]} 4. Nf3 {[%clk 0:02:59]}  e6 {[%clk 0:02:56]} 5. Bc4 {[%clk 0:02:57]}  d6 {[%clk 0:02:55]} 6. O-O {[%clk 0:02:53]}  Bd7 {[%clk 0:02:53]} 7. d4 {[%clk 0:02:43]}  cxd4 {[%clk 0:02:50]} 8. Bxd5 {[%clk 0:02:20]}  exd5 {[%clk 0:02:51]} 9. exd6 {[%clk 0:02:20]}  Bxd6 {[%clk 0:02:44]} 10. Re1+ {[%clk 0:02:20]}  Kf8 {[%clk 0:02:35]} 11. Qxd4 {[%clk 0:02:10]}  Nc6 {[%clk 0:02:05]} 12. Qxd5 {[%clk 0:01:59]}  Bg4 {[%clk 0:02:05]} 13. Qe4 {[%clk 0:01:54]}  h5 {[%clk 0:02:02]} 14. h3 {[%clk 0:01:42]}  Be6 {[%clk 0:01:49]} 15. Bg5 {[%clk 0:01:34]}  Qa5 {[%clk 0:01:45]} 16. Bf4 {[%clk 0:01:30]}  Rd8 {[%clk 0:01:35]} 17. Rd1 {[%clk 0:01:12]}  Bxf4 {[%clk 0:01:28]} 18. Rxd8+ {[%clk 0:01:12]}  Qxd8 {[%clk 0:01:29]} 19. Qxf4 {[%clk 0:01:12]}  Qd1+ {[%clk 0:01:27]} 20. Kh2 {[%clk 0:01:11]}  Rh6 {[%clk 0:01:07]} 21. Qd2 {[%clk 0:00:56]}  Qf1 {[%clk 0:01:01]} 22. Qe1 {[%clk 0:00:37]}  Qc4 {[%clk 0:00:38]} 23. Qe3 {[%clk 0:00:28]}  Qf1 {[%clk 0:00:36]} 24. Qe1 {[%clk 0:00:28]}  Qc4 {[%clk 0:00:36]} 25. Nbd2 {[%clk 0:00:28]}  Qf4+ {[%clk 0:00:36]} 26. Kh1 {[%clk 0:00:28]}  Bd5 {[%clk 0:00:13]} 27. Qe3 {[%clk 0:00:28]}  Qf5 {[%clk 0:00:04]} 28. Qc5+ {[%clk 0:00:22]}  Kg8 {[%clk 0:00:04]} 29. Re1 {[%clk 0:00:22]}  g5 {[%clk 0:00:02]} 30. c4 {[%clk 0:00:15]}  Be6 {[%clk 0:00:02]} 31. Qxf5 {[%clk 0:00:14]}  Bxf5 {[%clk 0:00:03]} 32. Nxg5 {[%clk 0:00:14]}  Rd6 {[%clk 0:00:03]} 33. Ngf3 {[%clk 0:00:14]}  Nd4 {[%clk 0:00:01]} 34. b3 {[%clk 0:00:11]}  Nc2 {[%clk 0:00:01]} 35. Re8+ {[%clk 0:00:11]}  Kg7 {[%clk 0:00:01]} 36. Re5 {[%clk 0:00:12]}  Bg6 {[%clk 0:00:01]} 37. Kh2 {[%clk 0:00:11]}  Nb4 {[%clk 0:00:01]} 38. Rb5 {[%clk 0:00:09]}  Nxa2 {[%clk 0:00:01]} 39. Rxb7 {[%clk 0:00:09]}  a5 {[%clk 0:00:02]} 40. Ra7 {[%clk 0:00:09]}  Nb4 {[%clk 0:00:01]} 41. Rxa5 {[%clk 0:00:09]}  Rd3 {[%clk 0:00:01]} 42. Rb5 {[%clk 0:00:08]}  Nc2 {[%clk 0:00:01]} 43. b4 {[%clk 0:00:07]}  Be4 {[%clk 0:00:02]} 44. Nxe4 {[%clk 0:00:07]}  Nd4 {[%clk 0:00:01]} 45. Rg5+ {[%clk 0:00:07]}  Kh6 {[%clk 0:00:01]} 46. Nxd4 {[%clk 0:00:06]}  Rxd4 {[%clk 0:00:02]} 47. Re5 {[%clk 0:00:06]}  Rxc4 {[%clk 0:00:02]} 48. b5 {[%clk 0:00:06]}  Rb4 {[%clk 0:00:03]} 49. Ng3 {[%clk 0:00:06]}  h4 {[%clk 0:00:03]} 50. Nf5+ {[%clk 0:00:06]}  Kg5 {[%clk 0:00:04]} 51. Ne3+ {[%clk 0:00:07]}  Kf4 {[%clk 0:00:04]} 52. Rc5 {[%clk 0:00:07]}  Ke4 {[%clk 0:00:04]} 53. Rc4+ {[%clk 0:00:07]}  Rxc4 {[%clk 0:00:03]} 54. Nxc4 {[%clk 0:00:08]}  f5 {[%clk 0:00:04]} 55. b6 {[%clk 0:00:09]}  f4 {[%clk 0:00:04]} 56. b7 {[%clk 0:00:08]}  f3 {[%clk 0:00:05]} 57. b8=Q {[%clk 0:00:08]}  fxg2 {[%clk 0:00:05]} 58. Qe8+ {[%clk 0:00:09]}  Kd3 {[%clk 0:00:05]} 59. Qe3+ {[%clk 0:00:09]}  Kc2 {[%clk 0:00:05]} 60. Qd2+ {[%clk 0:00:10]}  Kb3 {[%clk 0:00:06]} 61. Qb2+ {[%clk 0:00:10]}  Kxc4 {[%clk 0:00:06]} 62. Kg1 {[%clk 0:00:08]}  Kd3 {[%clk 0:00:07]} 63. Qh8 {[%clk 0:00:08]}  Ke4 {[%clk 0:00:07]} 64. Qxh4+ {[%clk 0:00:08]}  Kf3 {[%clk 0:00:08]} 65. Qg3+ {[%clk 0:00:09]}  Ke2 {[%clk 0:00:09]} 66. h4 {[%clk 0:00:10]}  Kd1 {[%clk 0:00:10]} 67. h5 {[%clk 0:00:11]}  Ke2 {[%clk 0:00:11]} 68. h6 {[%clk 0:00:12]}  Kd2 {[%clk 0:00:11]} 69. h7 {[%clk 0:00:13]}  Kc2 {[%clk 0:00:12]} 70. h8=Q {[%clk 0:00:13]}  Kb1 {[%clk 0:00:13]} 71. Qhh2 {[%clk 0:00:11]}  Ka2 {[%clk 0:00:13]} 72. Kxg2 {[%clk 0:00:12]}  Kb1 {[%clk 0:00:14]} 73. f4 {[%clk 0:00:12]}  Ka2 {[%clk 0:00:15]} 74. f5 {[%clk 0:00:13]}  Kb1 {[%clk 0:00:16]} 75. f6 {[%clk 0:00:13]}  Kc2 {[%clk 0:00:17]} 76. f7 {[%clk 0:00:14]}  Kd1 {[%clk 0:00:17]} 77. f8=Q {[%clk 0:00:14]}  Ke2 {[%clk 0:00:18]} 78. Qfh6 {[%clk 0:00:14]}  Kd1 {[%clk 0:00:19]} 79. Q6h3 {[%clk 0:00:14]}  Kc2 {[%clk 0:00:20]} 80. Kf3+ {[%clk 0:00:13]}  Kb1 {[%clk 0:00:21]} 81. Qgg2 {[%clk 0:00:11]}  Ka1 {[%clk 0:00:22]} 82. Q3g3 {[%clk 0:00:12]}  Kb1 {[%clk 0:00:23]} 83. Q3f2 {[%clk 0:00:12]}  Ka1 {[%clk 0:00:24]} 84. Qe2 {[%clk 0:00:11]}  Kb1 {[%clk 0:00:25]} 85. Qgf2 {[%clk 0:00:12]}  Ka1 {[%clk 0:00:26]} 86. Qhg2 {[%clk 0:00:13]}  Kb1 {[%clk 0:00:26]} 87. Ke3 {[%clk 0:00:09]}  Ka1 {[%clk 0:00:27]} 88. Kd2 {[%clk 0:00:09]}  Kb1 {[%clk 0:00:28]} 89. Kd1 {[%clk 0:00:09]}  Ka1 {[%clk 0:00:29]} 90. Qee1 {[%clk 0:00:10]}  Kb1 {[%clk 0:00:30]} 91. Qfd2 {[%clk 0:00:08]}  Ka1 {[%clk 0:00:31]} 92. Ke2# {[%clk 0:00:09]} 1-0